| 000 | 00606nam a22001937a 4500 | ||
|---|---|---|---|
| 005 | 20140327163307.0 | ||
| 010 | _aB-529816 | ||
| 020 |
_a9788121924634 _c550.00 |
||
| 035 | _aB-529816 | ||
| 037 |
_adpl _bUBH/Ven |
||
| 082 | _a330.1 | ||
| 100 | _aDewett, K.K. | ||
| 245 |
_aModern Economic Theory/ _cby K.K.Dewett |
||
| 260 |
_aNew Delhi _bS.Chand & Company _c2013 |
||
| 270 |
_a7361, Ram Nagar _bNew Delhi _e110055 |
||
| 300 |
_a1000p.: _bcol.ill _c23cm(pbk) |
||
| 942 |
_2ddc _cEN _mDEW _h330.1 |
||
| 999 |
_c83187 _d83187 |
||